[Event "EU-ch (Women) 11th"]
[Site "Rijeka"]
[Date "2010.03.07"]
[Round "2.34"]
[White "Peng, Zhaoqin"]
[Black "Przezdziecka, Marta"]
[Result "1-0"]
[WhiteElo "2401"]
[BlackElo "2254"]
[PlyCount "70"]
[EventDate "2010.03.06"]
[EventType "swiss"]
[EventRounds "11"]
[EventCountry "CRO"]
[SourceDate "2010.03.06"]

1. d4 Nf6 2. c4 e6 3. Nc3 Bb4 4. e3 O-O 5. Nge2 b6 6. a3 Be7 7. e4 d6 8. Ng3 e5
9. d5 Ne8 10. Be2 g6 11. O-O Ng7 12. Be3 h5 13. Bd3 Nd7 14. b4 Nf6 15. h3 h4
16. Nge2 Nfh5 17. Qd2 g5 18. Kh2 Nf4 19. Bc2 Ngh5 20. Ng1 g4 21. g3 hxg3+ 22.
fxg3 Nxg3 23. Rxf4 exf4 24. Bxf4 Nh5 25. Bh6 Bf6 26. Rf1 Be5+ 27. Kg2 Qh4 28.
Nce2 Bg7 29. Bxg7 Nxg7 30. Ng3 gxh3+ 31. Kh2 Bd7 32. Nf3 Qf6 33. e5 dxe5 34.
Ne4 Qe7 35. Qh6 Rfc8 1-0

[Event "EU-ch (Women) 11th"]
[Site "Rijeka"]
[Date "2010.03.07"]
[Round "2.37"]
[White "Lomineishvili, Maia"]
[Black "Ivakhinova, Inna"]
[Result "1-0"]
[WhiteElo "2385"]
[BlackElo "2218"]
[PlyCount "82"]
[EventDate "2010.03.06"]
[EventType "swiss"]
[EventRounds "11"]
[EventCountry "CRO"]
[SourceDate "2010.03.06"]

1. e4 c5 2. Nf3 d6 3. d4 cxd4 4. Nxd4 Nf6 5. Nc3 a6 6. Be3 e5 7. Nf3 Be6 8. Ng5
Be7 9. Nxe6 fxe6 10. Bc4 Qd7 11. O-O b5 12. Bb3 Nc6 13. f4 exf4 14. Bxf4 Na5
15. e5 dxe5 16. Bxe5 Nxb3 17. axb3 O-O 18. Qe2 Qc6 19. Rae1 Rae8 20. Kh1 Nd7
21. Rxf8+ Bxf8 22. Bg3 Bb4 23. Rd1 Nf6 24. Be5 Be7 25. h3 Rc8 26. Bxf6 Bxf6 27.
Ne4 Be5 28. c3 Kh8 29. Ng5 Bb8 30. Nf7+ Kg8 31. Nd6 Bxd6 32. Qxe6+ Kh8 33. Rxd6
Qc7 34. Rxa6 Rd8 35. Ra1 h6 36. Rf1 Qc5 37. b4 Qc7 38. Qf5 Qc6 39. Qc5 Qe8 40.
Qf2 Qc6 41. Qe1 Qd6 1-0

[Event "EU-ch (Women) 11th"]
[Site "Rijeka"]
[Date "2010.03.07"]
[Round "2.38"]
[White "Bojkovic, Natasa"]
[Black "Van Weersel, Arlette"]
[Result "1-0"]
[WhiteElo "2384"]
[BlackElo "2197"]
[PlyCount "82"]
[EventDate "2010.03.06"]
[EventType "swiss"]
[EventRounds "11"]
[EventCountry "CRO"]
[SourceDate "2010.03.06"]

1. e4 e5 2. Nf3 Nc6 3. Bb5 a6 4. Ba4 Nf6 5. d3 b5 6. Bb3 Be7 7. O-O O-O 8. a4
b4 9. a5 d5 10. exd5 Nxd5 11. h3 Bb7 12. Nbd2 Nd4 13. Nxd4 exd4 14. Re1 Qd7 15.
Qg4 Qxg4 16. hxg4 Rae8 17. Ne4 h6 18. Bd2 Kh7 19. Re2 Rb8 20. Rae1 Rfd8 21. Ng3
Bf8 22. g5 hxg5 23. Bxg5 f6 24. Bd2 Bd6 25. Nf5 Be5 26. Re4 c5 27. f4 Bd6 28.
Nxd6 Rxd6 29. f5 g5 30. Re6 Rbd8 31. Re7+ Nxe7 32. Rxe7+ Kh6 33. Rxb7 Kh5 34.
Be6 Rc6 35. b3 Rf8 36. Kf2 Kg4 37. Rh7 Rb8 38. Rh6 Rxe6 39. fxe6 Kf5 40. Rh7
Rb5 41. Rd7 Kxe6 1-0

[Event "EU-ch (Women) 11th"]
[Site "Rijeka"]
[Date "2010.03.07"]
[Round "2.39"]
[White "Shaydullina, Sandugach"]
[Black "Matveeva, Svetlana"]
[Result "0-1"]
[WhiteElo "2218"]
[BlackElo "2373"]
[PlyCount "71"]
[EventDate "2010.03.06"]
[EventType "swiss"]
[EventRounds "11"]
[EventCountry "CRO"]
[SourceDate "2010.03.06"]

1. d4 d5 2. c4 dxc4 3. Nf3 e6 4. e3 c5 5. Bxc4 a6 6. Bb3 Nf6 7. O-O Be7 8. Qe2
cxd4 9. Rd1 Nc6 10. exd4 O-O 11. a3 b5 12. Nc3 Na5 13. Ba2 Bb7 14. Bg5 Rc8 15.
d5 exd5 16. Bxf6 Bxf6 17. Nxd5 Nc4 18. Bxc4 Rxc4 19. Ne3 Qe7 20. Rd2 Rc7 21.
Rad1 g6 22. h3 Bg7 23. Ne1 Re8 24. Qg4 h5 25. Qf4 Be5 26. Qb4 Qxb4 27. axb4 Kg7
28. Kf1 Bf4 29. N1c2 Be4 30. Ra1 Rec8 31. Ne1 Bxe3 32. fxe3 Rc4 33. Rxa6 Rxb4
34. Ra7 Bf5 35. Rb7 Rc1 36. Kf2 0-1

[Event "EU-ch (Women) 11th"]
[Site "Rijeka"]
[Date "2010.03.07"]
[Round "2.40"]
[White "Molchanova, Tatjana"]
[Black "Kazimova, Narmin Nizami Qizi"]
[Result "1-0"]
[WhiteElo "2369"]
[BlackElo "2212"]
[PlyCount "59"]
[EventDate "2010.03.06"]
[EventType "swiss"]
[EventRounds "11"]
[EventCountry "CRO"]
[SourceDate "2010.03.06"]

1. e4 c5 2. Nf3 e6 3. d4 cxd4 4. Nxd4 a6 5. c4 Nf6 6. Nc3 Bb4 7. e5 Ne4 8. Bd2
Nxd2 9. Qxd2 Qa5 10. f4 Bxc3 11. bxc3 O-O 12. Bd3 Nc6 13. Nxc6 dxc6 14. O-O Rd8
15. Qe3 Bd7 16. h4 g6 17. Be4 h5 18. Kh1 Qa3 19. c5 Be8 20. f5 exf5 21. Bxf5
Rd5 22. Bxg6 fxg6 23. Qh6 Qxc5 24. Rf6 Rd7 25. Raf1 Rg7 26. e6 Bd7 27. exd7 Qe7
28. Rxg6 Qxd7 29. Rxg7+ Qxg7 30. Qe6+ 1-0

[Event "EU-ch (Women) 11th"]
[Site "Rijeka"]
[Date "2010.03.07"]
[Round "2.41"]
[White "Nebolsina, Vera"]
[Black "Dworakowska, Joanna"]
[Result "1-0"]
[WhiteElo "2310"]
[BlackElo "2356"]
[PlyCount "79"]
[EventDate "2010.03.06"]
[EventType "swiss"]
[EventRounds "11"]
[EventCountry "CRO"]
[SourceDate "2010.03.06"]

1. d4 f5 2. Nf3 Nf6 3. g3 g6 4. Bg2 Bg7 5. O-O O-O 6. c4 d6 7. Nc3 Nc6 8. d5
Na5 9. Qd3 e5 10. dxe6 Bxe6 11. b3 Nc6 12. Bb2 h6 13. Rad1 Qe8 14. Nb5 Rc8 15.
Nfd4 Bd7 16. Nxc7 Rxc7 17. Nb5 Rc8 18. Nxd6 Qe7 19. Nxb7 Rc7 20. Qd6 Qxd6 21.
Nxd6 a6 22. Rd2 Be6 23. Rfd1 Rb8 24. Bc3 Nd7 25. Bxg7 Kxg7 26. a3 Nc5 27. b4
Na4 28. Rc1 Na7 29. h4 Kf6 30. e4 fxe4 31. Bxe4 Nb5 32. Bc2 Nbc3 33. Re1 Nb2
34. Re3 Nxc4 35. Nxc4 Rxc4 36. Rd6 Re8 37. Bb3 Ne4 38. Rxe6+ Rxe6 39. Bxc4 Re7
40. Bd3 1-0

[Event "EU-ch (Women) 11th"]
[Site "Rijeka"]
[Date "2010.03.07"]
[Round "2.42"]
[White "Nikolova, Adriana"]
[Black "Efroimski, Marsel"]
[Result "1-0"]
[WhiteElo "2348"]
[BlackElo "2178"]
[PlyCount "53"]
[EventDate "2010.03.06"]
[EventType "swiss"]
[EventRounds "11"]
[EventCountry "CRO"]
[SourceDate "2010.03.06"]

1. e4 c6 2. d4 d5 3. exd5 cxd5 4. c3 Nc6 5. Nf3 Bg4 6. Bf4 e6 7. Qb3 Qd7 8.
Nbd2 a6 9. Bd3 Nf6 10. O-O Nh5 11. Be5 f6 12. Bg3 Bxf3 13. Nxf3 Nxg3 14. hxg3
Bd6 15. Rfe1 O-O 16. Re2 b5 17. Rae1 Rae8 18. Bf5 Nd8 19. Qxd5 exd5 20. Bxd7
Rxe2 21. Rxe2 Kf7 22. b4 Bc7 23. Nd2 Kg6 24. Nb3 Nf7 25. Nc5 Rd8 26. Be8 Bd6
27. Nb7 1-0

[Event "EU-ch (Women) 11th"]
[Site "Rijeka"]
[Date "2010.03.07"]
[Round "2.43"]
[White "Cosma, Elena Luminita"]
[Black "Trofimova, Antonina"]
[Result "1-0"]
[WhiteElo "2346"]
[BlackElo "2182"]
[PlyCount "85"]
[EventDate "2010.03.06"]
[EventType "swiss"]
[EventRounds "11"]
[EventCountry "CRO"]
[SourceDate "2010.03.06"]

1. d4 Nf6 2. Nf3 g6 3. g3 Bg7 4. Bg2 d6 5. O-O O-O 6. c4 Nbd7 7. Nc3 c6 8. e4
e5 9. h3 Re8 10. Re1 exd4 11. Nxd4 a5 12. Rb1 Nc5 13. b3 Nfd7 14. Be3 Ne5 15.
Re2 Qe7 16. Rd2 Bf8 17. Qc2 a4 18. Re1 axb3 19. axb3 Na6 20. f4 Nb4 21. Qb1 Nd7
22. Bf2 Bg7 23. Na2 Nxa2 24. Rxa2 Rxa2 25. Qxa2 Nc5 26. Qc2 Qc7 27. b4 Na6 28.
Qd2 Nxb4 29. Qxb4 Bxd4 30. Bxd4 c5 31. Bxc5 dxc5 32. Qb3 Bd7 33. e5 b5 34. Rd1
b4 35. Rd6 Be6 36. Qd3 h5 37. Bd5 Bxh3 38. Qxg6+ Kf8 39. Qh6+ Ke7 40. Qf6+ Kf8
41. Qh6+ Ke7 42. Qg5+ Kf8 43. Rh6 1-0

[Event "EU-ch (Women) 11th"]
[Site "Rijeka"]
[Date "2010.03.07"]
[Round "2.44"]
[White "Borsuk, Angela"]
[Black "Abdulla, Khayala Mardan Qizi"]
[Result "1-0"]
[WhiteElo "2338"]
[BlackElo "2141"]
[PlyCount "69"]
[EventDate "2010.03.06"]
[EventType "swiss"]
[EventRounds "11"]
[EventCountry "CRO"]
[SourceDate "2010.03.06"]

1. d4 Nf6 2. c4 e6 3. Nf3 b6 4. Nc3 Bb4 5. e3 Bb7 6. Bd3 Ne4 7. Qc2 f5 8. O-O
Bxc3 9. bxc3 O-O 10. Nd2 Nxd2 11. Bxd2 d6 12. e4 f4 13. e5 Qh4 14. f3 dxe5 15.
Rae1 Nd7 16. Re2 Rf6 17. dxe5 Rff8 18. Be4 Bxe4 19. Rxe4 Qg5 20. Qc1 Nc5 21.
Rd4 Qf5 22. Rxf4 Qxe5 23. Re1 Qh5 24. Rd4 Rf6 25. Bg5 Rf5 26. Be7 Qf7 27. Qe3
Re8 28. Bxc5 Rxc5 29. Re4 Qf6 30. Rd1 Ra5 31. Rd2 Ra3 32. Re5 Qg6 33. Kf2 Qf6
34. f4 Ra4 35. f5 1-0

[Event "EU-ch (Women) 11th"]
[Site "Rijeka"]
[Date "2010.03.07"]
[Round "2.46"]
[White "Zimina, Olga"]
[Black "Cherednichenko, Elena"]
[Result "1-0"]
[WhiteElo "2319"]
[BlackElo "2100"]
[PlyCount "101"]
[EventDate "2010.03.06"]
[EventType "swiss"]
[EventRounds "11"]
[EventCountry "CRO"]
[SourceDate "2010.03.06"]

1. e4 e5 2. Nf3 Nc6 3. Bb5 g6 4. d4 exd4 5. c3 dxc3 6. Nxc3 Bg7 7. Bg5 f6 8.
Bf4 Nh6 9. Qb3 a6 10. Be2 Ne5 11. Nd5 d6 12. O-O Nhf7 13. Rfd1 c6 14. Nb6 Rb8
15. Bxe5 fxe5 16. Bc4 Qe7 17. Nxc8 Rxc8 18. Bxf7+ Qxf7 19. Qxf7+ Kxf7 20. Rxd6
Rhd8 21. Ng5+ Kg8 22. Rad1 Bf6 23. Nf3 Rxd6 24. Rxd6 Rf8 25. Kf1 g5 26. h3 Kg7
27. Ke2 h6 28. b3 Kg8 29. Nd2 Kg7 30. Nc4 Rf7 31. Re6 Rd7 32. Nxe5 Bxe5 33.
Rxe5 Kf6 34. Rf5+ Ke6 35. h4 gxh4 36. Rh5 Rg7 37. Rxh6+ Kd7 38. Kf3 Rf7+ 39.
Ke3 Rg7 40. Kf3 Rf7+ 41. Ke2 Rg7 42. Kf1 Rg4 43. f3 Rg5 44. Rh7+ Kc8 45. Rxh4
Rc5 46. g4 Rc2 47. g5 Kd7 48. Rh7+ Ke6 49. Rxb7 Rxa2 50. g6 Ra5 51. f4 1-0

[Event "EU-ch (Women) 11th"]
[Site "Rijeka"]
[Date "2010.03.07"]
[Round "2.47"]
[White "Manakova, Maria"]
[Black "Coimbra, Margarida"]
[Result "1-0"]
[WhiteElo "2315"]
[BlackElo "2123"]
[PlyCount "119"]
[EventDate "2010.03.06"]
[EventType "swiss"]
[EventRounds "11"]
[EventCountry "CRO"]
[SourceDate "2010.03.06"]

1. e4 e5 2. Nf3 Nc6 3. d4 exd4 4. Nxd4 Bc5 5. Nxc6 Qf6 6. Qf3 dxc6 7. Nc3 Be6
8. Be3 Bb4 9. Bd2 O-O-O 10. O-O-O Ne7 11. Qxf6 gxf6 12. Bd3 Rhg8 13. g3 Bg4 14.
Rde1 Bf3 15. Rhg1 Ng6 16. a3 Bc5 17. Be3 Bd4 18. Bxd4 Rxd4 19. Re3 Ne5 20. Be2
Bxe2 21. Nxe2 Rd6 22. h3 Rgd8 23. b3 c5 24. g4 Ra6 25. g5 fxg5 26. Rxg5 f6 27.
Rh5 Rxa3 28. Kb2 Ra6 29. f4 Nd7 30. Rxh7 Re6 31. f5 Ree8 32. Nf4 Rh8 33. Rxh8
Rxh8 34. Ng6 Rh7 35. h4 Kd8 36. Rh3 Ke8 37. Kc3 c6 38. Kd3 Nf8 39. Ke3 Rd7 40.
Nf4 Kf7 41. Nd3 c4 42. bxc4 Rd8 43. Rg3 Nd7 44. c5 a5 45. Rg1 b5 46. cxb6 Nxb6
47. Rb1 Nc4+ 48. Kf4 Rd7 49. Nc5 Ra7 50. Ne6 Ne5 51. Rg1 Ke8 52. Rg8+ Ke7 53.
Rg7+ Nf7 54. Nd4 Ra6 55. h5 a4 56. h6 a3 57. h7 a2 58. Nb3 Ra3 59. h8=Q Rxb3
60. Qa8 1-0

[Event "EU-ch (Women) 11th"]
[Site "Rijeka"]
[Date "2010.03.07"]
[Round "2.48"]
[White "Zakurdjaeva, Irina"]
[Black "Boyarchenko, Marie"]
[Result "1/2-1/2"]
[WhiteElo "2313"]
[BlackElo "2009"]
[PlyCount "85"]
[EventDate "2010.03.06"]
[EventType "swiss"]
[EventRounds "11"]
[EventCountry "CRO"]
[SourceDate "2010.03.06"]

1. e4 c5 2. Nf3 d6 3. d4 cxd4 4. Nxd4 Nf6 5. Nc3 Nc6 6. f3 e5 7. Nb3 Be7 8. Be3
O-O 9. Qd2 a5 10. Bb5 Be6 11. Rd1 Na7 12. Be2 Nc8 13. Nd5 Nxd5 14. exd5 Bd7 15.
c4 a4 16. Nc1 Qa5 17. Qxa5 Rxa5 18. Nd3 f5 19. O-O Be8 20. g4 f4 21. Bd2 Ra8
22. Nf2 Nb6 23. Bd3 Nd7 24. Bb4 b6 25. Ra1 Nc5 26. Bf5 Bf7 27. Rfb1 g6 28. Be4
Rfc8 29. Rc1 Be8 30. Rab1 Rab8 31. b3 Kf7 32. Ba3 axb3 33. axb3 Ra8 34. Bb4
Rab8 35. Be1 b5 36. cxb5 Bxb5 37. Bc2 Bh4 38. b4 Bxf2+ 39. Kxf2 Nd3+ 40. Bxd3
Bxd3 41. Ra1 Rxc1 42. Rxc1 Rb7 43. Bc3 1/2-1/2

[Event "EU-ch (Women) 11th"]
[Site "Rijeka"]
[Date "2010.03.07"]
[Round "2.50"]
[White "Khotenashvili, Bela"]
[Black "Haast, Anne"]
[Result "1-0"]
[WhiteElo "2448"]
[BlackElo "2235"]
[PlyCount "49"]
[EventDate "2010.03.06"]
[EventType "swiss"]
[EventRounds "11"]
[EventCountry "CRO"]
[SourceDate "2010.03.06"]

1. d4 Nf6 2. c4 g6 3. Nc3 Bg7 4. g3 O-O 5. Bg2 d6 6. Nf3 Nbd7 7. O-O e5 8. h3
c6 9. e4 Qb6 10. c5 dxc5 11. dxe5 Ne8 12. e6 fxe6 13. h4 Ne5 14. Nxe5 Bxe5 15.
h5 Nf6 16. hxg6 hxg6 17. Qd2 Kf7 18. Qg5 Qc7 19. Ne2 Rh8 20. Nf4 Bxf4 21. Bxf4
Qe7 22. Be5 Rh5 23. Qf4 b6 24. Bf3 Rh8 25. Bc3 1-0

[Event "EU-ch (Women) 11th"]
[Site "Rijeka"]
[Date "2010.03.07"]
[Round "2.51"]
[White "Papadopoulou, Vera"]
[Black "Vasilevich, Tatjana"]
[Result "1/2-1/2"]
[WhiteElo "2228"]
[BlackElo "2414"]
[PlyCount "58"]
[EventDate "2010.03.06"]
[EventType "swiss"]
[EventRounds "11"]
[EventCountry "CRO"]
[SourceDate "2010.03.06"]

1. d4 e6 2. c4 c5 3. d5 exd5 4. cxd5 d6 5. Nc3 g6 6. Nf3 a6 7. a4 Bg7 8. g3 Ne7
9. Bg2 O-O 10. O-O Nd7 11. Bf4 Nf6 12. Qd2 Bf5 13. Nh4 Ne8 14. Bg5 Bd7 15. e4
f6 16. Bh6 b5 17. Bxg7 Kxg7 18. axb5 axb5 19. Rxa8 Qxa8 20. b4 cxb4 21. Ne2 Nc7
22. Qxb4 Nc8 23. Rc1 Qb7 24. Nd4 Qb6 25. Qc3 Na6 26. Qe3 Nc5 27. Nhf3 Re8 28.
Nd2 Ne7 29. Qf3 Nc8 1/2-1/2

[Event "EU-ch (Women) 11th"]
[Site "Rijeka"]
[Date "2010.03.07"]
[Round "2.52"]
[White "Schut, Lisa"]
[Black "Zdebskaja, Natalia"]
[Result "0-1"]
[WhiteElo "2224"]
[BlackElo "2390"]
[PlyCount "62"]
[EventDate "2010.03.06"]
[EventType "swiss"]
[EventRounds "11"]
[EventCountry "CRO"]
[SourceDate "2010.03.06"]

1. e4 c5 2. Nf3 d6 3. d4 Nf6 4. Nc3 cxd4 5. Nxd4 a6 6. Bg5 Nbd7 7. Bc4 e6 8.
Qe2 Qa5 9. f4 h6 10. Bxf6 Nxf6 11. O-O-O Be7 12. Kb1 O-O 13. g4 b5 14. Bb3 b4
15. Nc6 Qc7 16. Nxb4 d5 17. g5 hxg5 18. fxg5 Nxe4 19. Nbxd5 exd5 20. Nxd5 Qe5
21. g6 Bh4 22. gxf7+ Rxf7 23. Nf4 Rb8 24. Bxf7+ Kxf7 25. Qc4+ Be6 26. Qxe6+
Qxe6 27. Nxe6 Nc3+ 28. Kc1 Nxd1 29. Rxd1 Kxe6 30. c4 Bg5+ 31. Kc2 Rh8 0-1

[Event "EU-ch (Women) 11th"]
[Site "Rijeka"]
[Date "2010.03.07"]
[Round "2.53"]
[White "Severiukhina, Zoja"]
[Black "Gromova, Iulia"]
[Result "0-1"]
[WhiteElo "2355"]
[BlackElo "2226"]
[PlyCount "104"]
[EventDate "2010.03.06"]
[EventType "swiss"]
[EventRounds "11"]
[EventCountry "CRO"]
[SourceDate "2010.03.06"]

1. e4 c6 2. d4 d5 3. e5 Bf5 4. Nf3 e6 5. Be2 Nd7 6. O-O Ne7 7. b3 Qc7 8. c4 f6
9. Bb2 Ng6 10. Bd3 Bxd3 11. Qxd3 fxe5 12. cxd5 cxd5 13. dxe5 Bc5 14. Nc3 O-O
15. Nxd5 exd5 16. Qxd5+ Kh8 17. Ng5 Nb6 18. Qd1 Qe7 19. Qh5 h6 20. Ne4 Nf4 21.
Qg4 Nd3 22. Bc3 Nd5 23. Nxc5 Nxc5 24. Bb2 Nd3 25. Rad1 Nxb2 26. Rxd5 Rad8 27.
Rxd8 Rxd8 28. f4 Qc5+ 29. Kh1 Qd4 30. h3 Nd1 31. Qf3 Qd3 32. f5 Ne3 33. Rf2
Qd1+ 34. Kh2 Qxf3 35. Rxf3 Nc2 36. e6 Nd4 37. Rf4 Nc6 38. f6 gxf6 39. Rxf6 Re8
40. g4 Kg7 41. Rf7+ Kg6 42. Rxb7 Rxe6 43. a3 Kg5 44. Kg2 Re2+ 45. Kf1 Re7 46.
Rb5+ Re5 47. Rb7 Kf4 48. Kf2 Re7 49. Rb5 Nd4 50. Rh5 Re2+ 51. Kf1 Kg3 52. Rxh6
Rd2 0-1

[Event "EU-ch (Women) 11th"]
[Site "Rijeka"]
[Date "2010.03.07"]
[Round "2.54"]
[White "Djukic, Sandra"]
[Black "Charkhalashvili, Inga"]
[Result "1/2-1/2"]
[WhiteElo "2214"]
[BlackElo "2338"]
[PlyCount "38"]
[EventDate "2010.03.06"]
[EventType "swiss"]
[EventRounds "11"]
[EventCountry "CRO"]
[SourceDate "2010.03.06"]

1. d4 Nf6 2. c4 e6 3. Nc3 d5 4. Nf3 Be7 5. Bg5 O-O 6. e3 h6 7. Bh4 c6 8. h3
Nbd7 9. cxd5 Nxd5 10. Bxe7 Qxe7 11. Qb3 N5f6 12. Be2 e5 13. O-O exd4 14. Nxd4
Ne5 15. Rad1 Rd8 16. Qc2 c5 17. Nf5 Bxf5 18. Qxf5 Rac8 19. b3 a6 1/2-1/2

[Event "EU-ch (Women) 11th"]
[Site "Rijeka"]
[Date "2010.03.07"]
[Round "2.55"]
[White "Cherednichenko, Svetlana"]
[Black "Isgandarova, Khayala"]
[Result "1/2-1/2"]
[WhiteElo "2337"]
[BlackElo "2224"]
[PlyCount "58"]
[EventDate "2010.03.06"]
[EventType "swiss"]
[EventRounds "11"]
[EventCountry "CRO"]
[SourceDate "2010.03.06"]

1. d4 Nf6 2. c4 g6 3. Nc3 Bg7 4. e4 d6 5. Nf3 O-O 6. Be2 e5 7. O-O Nc6 8. d5
Ne7 9. Ne1 Ne8 10. Nd3 f5 11. Bd2 Nf6 12. f3 f4 13. g4 g5 14. Be1 h5 15. h3 Rf7
16. c5 Ng6 17. cxd6 cxd6 18. Kg2 Bf8 19. Rc1 Bd7 20. a4 Nh4+ 21. Bxh4 gxh4 22.
Nb5 Bxb5 23. axb5 Rg7 24. Kh2 Be7 25. Rc3 Qb6 26. Qc2 Kh8 27. Rc8+ Rg8 28. Rxa8
Rxa8 29. Qc3 Rg8 1/2-1/2

[Event "EU-ch (Women) 11th"]
[Site "Rijeka"]
[Date "2010.03.07"]
[Round "2.56"]
[White "Umudova, Nargiz"]
[Black "Kashlinskaya, Alina"]
[Result "0-1"]
[WhiteElo "2211"]
[BlackElo "2332"]
[PlyCount "104"]
[EventDate "2010.03.06"]
[EventType "swiss"]
[EventRounds "11"]
[EventCountry "CRO"]
[SourceDate "2010.03.06"]

1. e4 c5 2. b3 Nc6 3. Bb2 d6 4. f4 e5 5. Bc4 exf4 6. Qf3 Nf6 7. Qxf4 Be7 8. Nc3
Nd4 9. O-O-O O-O 10. Nge2 Nh5 11. Qf2 Bg4 12. Rdf1 Bf6 13. Nxd4 Bxd4 14. Bxf7+
Kh8 15. Qe1 Nf6 16. Bc4 Qe7 17. d3 Qe5 18. a4 b6 19. Ba6 Rf7 20. Kb1 Raf8 21.
Bc4 Rc7 22. Nd1 Bxd1 23. c3 Be3 24. Qxd1 Rcc8 25. Rf5 Qe7 26. Rhf1 g6 27. R5f3
Bh6 28. Qe1 Bg7 29. Qh4 Qe5 30. Ba6 g5 31. Qe1 Rcd8 32. c4 Qe7 33. Qf2 Nd7 34.
Bb5 Rxf3 35. gxf3 Bxb2 36. Qxb2+ Ne5 37. d4 cxd4 38. Qxd4 Qb7 39. Qd5 Qc8 40.
a5 bxa5 41. Qd2 a6 42. Ba4 Qh3 43. Rf2 Qh4 44. c5 Nd3 45. Qc3+ Kg8 46. Qxd3
Qxf2 47. Qd5+ Kh8 48. cxd6 Qg1+ 49. Kb2 Qxh2+ 50. Kb1 Qxd6 51. Qxg5 Qd1+ 52.
Kb2 Rd2+ 0-1

[Event "EU-ch (Women) 11th"]
[Site "Rijeka"]
[Date "2010.03.07"]
[Round "2.57"]
[White "Semenova, Elena"]
[Black "Paikidze, Nazi"]
[Result "1/2-1/2"]
[WhiteElo "2195"]
[BlackElo "2322"]
[PlyCount "73"]
[EventDate "2010.03.06"]
[EventType "swiss"]
[EventRounds "11"]
[EventCountry "CRO"]
[SourceDate "2010.03.06"]

1. e4 c6 2. d4 d5 3. Nc3 dxe4 4. Nxe4 Bf5 5. Ng3 Bg6 6. h4 h6 7. f4 e6 8. h5
Bh7 9. Nf3 Bd6 10. Bd3 Bxd3 11. Qxd3 Nf6 12. Bd2 Qc7 13. Ne5 c5 14. O-O-O Nbd7
15. Rhe1 O-O 16. Ne2 cxd4 17. Nxd7 Nxd7 18. Qxd4 Nf6 19. Bc3 Rad8 20. Kb1 b5
21. g4 Bc5 22. Ba5 Rxd4 23. Bxc7 Rxd1+ 24. Rxd1 Nxg4 25. Nc3 Rc8 26. Ba5 Ne3
27. Rd7 a6 28. a4 b4 29. Ne4 Bf8 30. c3 Rc4 31. Rd8 bxc3 32. Nxc3 f5 33. b3
Rxf4 34. Bb6 Rf1+ 35. Kb2 Rf2+ 36. Kb1 Rf1+ 37. Kb2 1/2-1/2

[Event "EU-ch (Women) 11th"]
[Site "Rijeka"]
[Date "2010.03.07"]
[Round "2.59"]
[White "Kopinits, Anna Christina"]
[Black "Mamedjarova, Zeinab"]
[Result "0-1"]
[WhiteElo "2183"]
[BlackElo "2289"]
[PlyCount "58"]
[EventDate "2010.03.06"]
[EventType "swiss"]
[EventRounds "11"]
[EventCountry "CRO"]
[SourceDate "2010.03.06"]

1. e4 d6 2. d4 g6 3. Nc3 Bg7 4. Be3 c6 5. Qd2 b5 6. O-O-O Nd7 7. Kb1 Nb6 8. b3
a5 9. Nce2 Qc7 10. Nc1 a4 11. Nge2 Qb7 12. Qb4 Bd7 13. f3 Nf6 14. g4 h5 15. g5
Nh7 16. h4 O-O 17. Bh3 Rfc8 18. Nd3 Nf8 19. f4 axb3 20. cxb3 c5 21. dxc5 Nc4
22. bxc4 Qa6 23. Ndc1 bxc4 24. Bd4 Rcb8 25. Qxb8 Rxb8+ 26. Ka1 Qb5 27. Nd3 cxd3
28. Rb1 dxe2 29. Rxb5 Bxd4+ 0-1

[Event "EU-ch (Women) 11th"]
[Site "Rijeka"]
[Date "2010.03.07"]
[Round "2.60"]
[White "Medic, Mirjana"]
[Black "Butuc, Maria"]
[Result "0-1"]
[WhiteElo "2279"]
[BlackElo "2194"]
[PlyCount "116"]
[EventDate "2010.03.06"]
[EventType "swiss"]
[EventRounds "11"]
[EventCountry "CRO"]
[SourceDate "2010.03.06"]

1. d4 d5 2. c4 c6 3. e3 Nf6 4. Nc3 a6 5. Nf3 b5 6. b3 Bg4 7. Be2 e6 8. O-O Nbd7
9. h3 Bf5 10. Bd3 Bg6 11. Bxg6 hxg6 12. Qd3 Be7 13. e4 dxc4 14. bxc4 b4 15. e5
bxc3 16. exf6 Bxf6 17. Qxc3 O-O 18. Rb1 Qc7 19. Be3 Rfb8 20. Qa3 a5 21. Bg5 Nb6
22. Rfc1 Rb7 23. Qd3 Rd8 24. Bxf6 gxf6 25. Qc3 Ra8 26. Qc2 Kg7 27. Rb2 Rab8 28.
Rcb1 Nd7 29. Rxb7 Rxb7 30. Rb3 Rb4 31. Rxb4 axb4 32. Qa4 Qd6 33. Qa5 e5 34.
dxe5 fxe5 35. c5 Qd1+ 36. Kh2 e4 37. Ng5 Qd5 38. h4 Qe5+ 39. Kg1 Qa1+ 40. Kh2
Qe5+ 41. Kg1 Qa1+ 42. Kh2 b3 43. Qc7 bxa2 44. Ne6+ fxe6 45. Qxd7+ Kh6 46. Qxe6
Qb2 47. h5 Kxh5 48. Qh3+ Kg5 49. Qg3+ Kh6 50. Qh4+ Kg7 51. Qe7+ Kg8 52. Qd8+
Kf7 53. Qc7+ Ke6 54. Qxc6+ Kf5 55. Qd7+ Kg5 56. Qd8+ Kh5 57. g4+ Kxg4 58. Qd1+
Kf4 0-1

[Event "EU-ch (Women) 11th"]
[Site "Rijeka"]
[Date "2010.03.07"]
[Round "2.61"]
[White "Makka, Ioulia"]
[Black "Sandu, Mihaela"]
[Result "0-1"]
[WhiteElo "2180"]
[BlackElo "2278"]
[PlyCount "136"]
[EventDate "2010.03.06"]
[EventType "swiss"]
[EventRounds "11"]
[EventCountry "CRO"]
[SourceDate "2010.03.06"]

1. e4 c5 2. Nf3 d6 3. d4 cxd4 4. Nxd4 Nf6 5. Nc3 e6 6. g3 Nc6 7. Bg2 Bd7 8. O-O
Be7 9. Re1 O-O 10. Ndb5 Qb8 11. Bg5 a6 12. Bxf6 gxf6 13. Na3 b5 14. Ne2 Ne5 15.
Nf4 Kh8 16. Nb1 Bc6 17. Nd2 Qb7 18. Nb3 a5 19. Nd4 Bd7 20. Nd3 Qa7 21. Ne2 Rac8
22. Nef4 Rg8 23. Rc1 b4 24. Ne2 Bb5 25. h3 Nxd3 26. cxd3 Rxc1 27. Qxc1 Bxd3 28.
Qf4 a4 29. Nc1 Ba6 30. g4 Qd4 31. b3 a3 32. Bf3 f5 33. Rd1 Qe5 34. Qxe5+ dxe5
35. exf5 exf5 36. Kh1 e4 37. Be2 Bc8 38. gxf5 Bxf5 39. Bg4 Bxg4 40. hxg4 Rxg4
41. Rd7 Bc5 42. Rxf7 Rg7 43. Rf5 Rc7 44. Ne2 Bd6 45. Rd5 Rc2 46. Nd4 Rxa2 47.
Rxd6 Rxf2 48. Ne6 h5 49. Rd8+ Kh7 50. Ng5+ Kh6 51. Nxe4 Rf1+ 52. Kg2 a2 53.
Rd6+ Kg7 54. Kxf1 a1=Q+ 55. Kg2 Qb2+ 56. Nd2 Qc3 57. Rd7+ Kf8 58. Rd6 h4 59.
Ne4 Qxb3 60. Rd8+ Ke7 61. Rd7+ Kf8 62. Rd8+ Kg7 63. Rd7+ Kg6 64. Rd2 Qe3 65.
Rd6+ Kf5 66. Rd8 Qxe4+ 67. Kh2 b3 68. Rf8+ Kg6 0-1

[Event "EU-ch (Women) 11th"]
[Site "Rijeka"]
[Date "2010.03.07"]
[Round "2.62"]
[White "Melnikova, Yana"]
[Black "Partac, Elena"]
[Result "1-0"]
[WhiteElo "2272"]
[BlackElo "2172"]
[PlyCount "85"]
[EventDate "2010.03.06"]
[EventType "swiss"]
[EventRounds "11"]
[EventCountry "CRO"]
[SourceDate "2010.03.06"]

1. e4 c5 2. Nf3 Nc6 3. d4 cxd4 4. Nxd4 g6 5. Nc3 Bg7 6. Be3 Nf6 7. Bc4 O-O 8.
Bb3 d6 9. f3 Bd7 10. Qd2 Nxd4 11. Bxd4 b5 12. h4 a5 13. a4 b4 14. Nd5 Be6 15.
Nxf6+ exf6 16. O-O-O Bxb3 17. cxb3 Qc8+ 18. Kb1 Qe6 19. Ka2 Rfc8 20. h5 Ra6 21.
h6 Bf8 22. Be3 Rac6 23. Qd5 Rc2 24. g4 Re2 25. Qd3 Rec2 26. Rd2 R2c6 27. Qd5
Rc2 28. Rxc2 Rxc2 29. Qxa5 Re2 30. Bd4 Rd2 31. Qxb4 Rd3 32. Bc3 Rxf3 33. g5 d5
34. Qb8 dxe4 35. Rd1 Qe7 36. Bxf6 Rxf6 37. gxf6 Qxf6 38. Rd8 Qe7 39. Re8 Qc5
40. Rxe4 f6 41. Rc4 Qe3 42. Rc8 Qxh6 43. a5 1-0